[Event "SVK 3.liga A2"]
[Site "?"]
[Date "2020.03.01"]
[Round "9.1"]
[White "Nemcovic, Peter"]
[Black "Rau, Vladimir"]
[Result "1/2-1/2"]
[WhiteElo "1610"]
[BlackElo "1704"]
[PlyCount "66"]
[EventDate "2019.10.06"]

1. d4 d5 2. c4 Nf6 3. cxd5 Nxd5 4. e4 Nf6 5. Nc3 e6 6. Bd3 Be7 7. Nge2 b6 8.
O-O O-O 9. Qc2 h6 10. Bf4 Bb7 11. Rfd1 Nc6 12. a3 a6 13. Rac1 Nh5 14. Be3 Nf6
15. h3 Nb8 16. Bf4 c6 17. Qd2 Nh7 18. Be3 Nd7 19. Qc2 Nhf6 20. d5 cxd5 21. exd5
exd5 22. Nf4 Rc8 23. Bd4 Bc5 24. Bf5 Bxd4 25. Rxd4 Rc4 26. Rcd1 Qc7 27. Qb1
Rxd4 28. Rxd4 Nc5 29. Nfxd5 Qe5 30. Qd1 g6 31. Bc2 Bxd5 32. Nxd5 Nxd5 33. Rxd5
Qxb2 1/2-1/2

[Event "SVK 3.liga A2"]
[Site "?"]
[Date "2020.03.01"]
[Round "9.1"]
[White "Ganz, Marek"]
[Black "Moravec, Milan"]
[Result "1-0"]
[WhiteElo "1640"]
[BlackElo "1604"]
[PlyCount "87"]
[EventDate "2019.10.06"]

1. e4 e6 2. d4 d5 3. e5 c5 4. c3 Qb6 5. Nf3 Bd7 6. Be2 Bb5 7. O-O Bxe2 8. Qxe2
cxd4 9. cxd4 Nc6 10. Nc3 Nxd4 11. Nxd4 Qxd4 12. Qb5+ Kd8 13. Qxb7 Rc8 14. Qxf7
Ne7 15. Qxe6 Rc6 16. Be3 Rxe6 17. Bxd4 Nc6 18. Ne2 Nxe5 19. Bxa7 Nd3 20. Rfd1
Rxe2 21. Rxd3 Rxb2 22. Rxd5+ Kc8 23. g3 Rb7 24. Rc1+ Rc7 25. Rxc7+ Kxc7 26. a4
Bd6 27. Bb6+ Kc6 28. Rd1 Ra8 29. a5 Bb4 30. Rc1+ Kb5 31. Rc7 Bf8 32. Rf7 h6 33.
Bd4 g5 34. Rf5+ Kc6 35. Kg2 Rd8 36. Be3 Ra8 37. Kf3 Kd7 38. a6 Be7 39. a7 Ke6
40. Rb5 Bd6 41. Kg4 Kd7 42. Kh5 Kc6 43. Rb3 Bc5 44. Rc3 1-0

[Event "SVK 3.liga A2"]
[Site "?"]
[Date "2020.03.01"]
[Round "9.2"]
[White "Vodicka, Michal"]
[Black "Liptak, Tomas"]
[Result "0-1"]
[WhiteElo "1872"]
[BlackElo "2202"]
[PlyCount "78"]
[EventDate "2019.10.06"]

1. e4 c5 2. Nf3 d6 3. d4 cxd4 4. c3 Nf6 5. e5 dxe5 6. Nxe5 e6 7. Bb5+ Nbd7 8.
Qxd4 a6 9. Nxd7 Nxd7 10. Be2 Qc7 11. Be3 e5 12. Qc4 Nc5 13. Bxc5 Bxc5 14. b4
Bb6 15. Qxc7 Bxc7 16. Nd2 Ke7 17. O-O Rd8 18. Rfd1 f5 19. c4 a5 20. b5 Bd6 21.
a4 b6 22. Nb3 Be6 23. Rac1 Ba3 24. Rc2 Rxd1+ 25. Bxd1 Rd8 26. Be2 Bb4 27. f3
Kf6 28. Kf2 g5 29. Nc1 e4 30. fxe4 fxe4 31. h3 Ke5 32. Nb3 Rf8+ 33. Ke3 Bf7 34.
Rc1 Rc8 35. Rc2 h5 36. g4 hxg4 37. Bxg4 Rxc4 38. Rxc4 Bxc4 39. Nd2 Bc5# 0-1

[Event "SVK 3.liga A2"]
[Site "?"]
[Date "2020.03.01"]
[Round "9.2"]
[White "Liptak, Dusan"]
[Black "Slaba, Andrea"]
[Result "1-0"]
[WhiteElo "2151"]
[BlackElo "1975"]
[PlyCount "77"]
[EventDate "2019.10.06"]

1. d4 Nf6 2. c4 g6 3. Nc3 d5 4. cxd5 Nxd5 5. e4 Nxc3 6. bxc3 Bg7 7. Be3 O-O 8.
Qd2 c5 9. Nf3 Qa5 10. Rc1 Rd8 11. d5 Nc6 12. Bd3 Bg4 13. dxc6 Bxf3 14. gxf3 c4
15. cxb7 Rab8 16. Bd4 cxd3 17. Rb1 Qa6 18. e5 Rxb7 19. O-O Rxb1 20. Rxb1 Qa5
21. Qe3 Qxa2 22. Rd1 Qe2 23. Rxd3 Qxe3 24. Rxe3 a5 25. Re1 Rd5 26. Kg2 Bh6 27.
Kg3 g5 28. Rb1 a4 29. Rb8+ Bf8 30. Ra8 e6 31. Rxa4 Bc5 32. Ra5 Bxd4 33. Rxd5
Bxf2+ 34. Kxf2 exd5 35. Ke3 Kf8 36. Kd4 Ke7 37. Kxd5 h5 38. h3 Kd7 39. c4 1-0

[Event "SVK 3.liga A2"]
[Site "?"]
[Date "2020.03.01"]
[Round "9.2"]
[White "Podjavorinsky, Michal"]
[Black "Sarmir, Milos"]
[Result "0-1"]
[WhiteElo "1997"]
[BlackElo "2017"]
[PlyCount "102"]
[EventDate "2019.10.06"]

1. e4 e5 2. Nf3 Nc6 3. d4 exd4 4. Bc4 Be7 5. c3 d6 6. Nxd4 Nf6 7. f3 O-O 8. O-O
Bd7 9. Be3 a6 10. Re1 b5 11. Nxc6 Bxc6 12. Bd5 Nxd5 13. exd5 Bb7 14. Qd3 Bf6
15. Nd2 g6 16. Bd4 Bxd4+ 17. Qxd4 f5 18. Re6 Bc8 19. Re3 Qf6 20. Qd3 Bd7 21.
Rae1 Rae8 22. a4 Rxe3 23. Rxe3 Re8 24. axb5 axb5 25. f4 Qh4 26. Rxe8+ Bxe8 27.
Qe3 Bf7 28. Nf3 Qd8 29. Qd3 Qb8 30. Ng5 Qa7+ 31. Kf1 Qa1+ 32. Kf2 Qxb2+ 33. Kf3
b4 34. cxb4 Qxb4 35. Nxf7 Kxf7 36. Qe3 Qb5 37. Qe6+ Kf8 38. Qf6+ Ke8 39. Qh8+
Kd7 40. Qxh7+ Kc8 41. Qf7 Qd3+ 42. Kf2 Qd4+ 43. Kf1 Qxf4+ 44. Kg1 Qe4 45. g3
Kb7 46. Qg7 Qe3+ 47. Kg2 g5 48. h3 f4 49. gxf4 gxf4 50. Kh2 f3 51. Qf7 Qf2+ 0-1

[Event "SVK 3.liga A2"]
[Site "?"]
[Date "2020.03.01"]
[Round "9.2"]
[White "Puchart, Vladimir"]
[Black "Siska, Kristof"]
[Result "1-0"]
[WhiteElo "2041"]
[BlackElo "1789"]
[PlyCount "69"]
[EventDate "2019.10.06"]

1. d4 Nf6 2. c4 g6 3. Nc3 Bg7 4. e4 d6 5. f3 O-O 6. Be3 Nbd7 7. Qd2 e5 8. Nge2
exd4 9. Nxd4 Ne5 10. O-O-O h5 11. Bh6 Bd7 12. Be2 a6 13. Bxg7 Kxg7 14. f4 Neg4
15. Bf3 Rb8 16. h3 Nh6 17. e5 dxe5 18. fxe5 Nh7 19. Nd5 c6 20. Nf4 h4 21. e6 c5
22. exd7 cxd4 23. Qxd4+ Qf6 24. Bxb7 Qxd4 25. Rxd4 a5 26. Bc8 Rd8 27. Re1 Nf6
28. Rd6 Nhg8 29. Kb1 Kf8 30. c5 Ne7 31. Rxf6 Nxc8 32. dxc8=Q Rdxc8 33. c6 Kg7
34. Rd6 Rb6 35. Rc1 1-0

[Event "SVK 3.liga A2"]
[Site "?"]
[Date "2020.03.01"]
[Round "9.2"]
[White "Strapko, Tomas"]
[Black "Vagovsky, Jozef"]
[Result "1-0"]
[WhiteElo "1857"]
[BlackElo "1790"]
[PlyCount "61"]
[EventDate "2019.10.06"]

1. e4 e6 2. d4 d5 3. Nc3 dxe4 4. Nxe4 Be7 5. Nf3 Nd7 6. Bd3 Ngf6 7. Nxf6+ Nxf6
8. O-O O-O 9. b3 b6 10. c4 Bb7 11. Bb2 Nd7 12. Qc2 h6 13. Rad1 Bf6 14. Be4 Bxe4
15. Qxe4 Qe7 16. Rfe1 Rfe8 17. Bc1 c5 18. Qg4 Kh7 19. d5 e5 20. h4 Nf8 21. g3
Qd7 22. Qe4+ Kg8 23. h5 Qd6 24. Kg2 Rad8 25. Nh2 Nd7 26. Ng4 Qf8 27. Qf5 Qe7
28. Re4 Bg5 29. f4 Bf6 30. Rde1 Qd6 31. fxe5 1-0

[Event "SVK 3.liga A2"]
[Site "?"]
[Date "2020.03.01"]
[Round "9.2"]
[White "Hornak, Pavol"]
[Black "Miciak, Emanuel"]
[Result "1-0"]
[WhiteElo "1728"]
[BlackElo "1842"]
[PlyCount "151"]
[EventDate "2019.10.06"]

1. d4 Nf6 2. c4 c6 3. Nf3 d5 4. e3 Bf5 5. Nc3 e6 6. Be2 Bd6 7. O-O Nbd7 8. b3
h6 9. Bb2 O-O 10. Rc1 Rc8 11. Re1 Bb8 12. Bd3 Ne4 13. g3 Ndf6 14. Nh4 Bh7 15.
Kg2 g5 16. Nf3 Ng4 17. Rf1 f5 18. Qe2 Qe8 19. h3 Ngf6 20. Qc2 Qg6 21. Ne2 Kh8
22. Ne5 Qg7 23. f3 Nd6 24. Qd2 Rg8 25. Rh1 Nf7 26. Nxf7+ Qxf7 27. Kf2 Ne4+ 28.
Bxe4 fxe4 29. f4 gxf4 30. exf4 Qh5 31. Qe3 Rg7 32. Rh2 Rcg8 33. Rg1 Qf7 34. Ke1
Qe7 35. c5 Qd8 36. b4 a5 37. a3 Bc7 38. Kf2 Qf6 39. Ra1 Ra8 40. Rhh1 Qf5 41.
Bc3 axb4 42. Bxb4 Bd8 43. Rh2 Bf6 44. Bc3 Rgg8 45. Bb2 Raf8 46. Ke1 Rg7 47. Kd2
Qh5 48. Rf1 Qe8 49. Ra1 Qd8 50. Qb3 Qa5+ 51. Bc3 Qa6 52. Bb4 Qd3+ 53. Qxd3 exd3
54. Nc1 Rxg3 55. Nb3 Rf7 56. Kc3 Rfg7 57. Nd2 Rg2 58. Rhh1 Re2 59. Rae1 Rgg2
60. Nf3 Rb2 61. Rc1 Rgc2+ 62. Rxc2 Rxc2+ 63. Kb3 Rf2 64. Ne5 Rg2 65. Nf7+ Kg7
66. Nd6 Bxd4 67. Nxb7 Rb2+ 68. Ka4 d2 69. Nd8 Bc2+ 70. Ka5 d1=Q 71. Rxd1 Bxd1
72. Nxe6+ Kf6 73. Nxd4 Bh5 74. Nxc6 Be8 75. Bc3+ Ke6 76. Nd4+ 1-0

[Event "SVK 3.liga A2"]
[Site "?"]
[Date "2020.03.01"]
[Round "9.2"]
[White "Curidlo, Jan"]
[Black "Stefik, Miroslav"]
[Result "1-0"]
[WhiteElo "1774"]
[BlackElo "1629"]
[PlyCount "109"]
[EventDate "2019.10.06"]

1. Nf3 Nc6 2. d4 d5 3. Bf4 e6 4. e3 Nf6 5. Nbd2 Be7 6. h3 h6 7. a3 O-O 8. c4
Bd6 9. Ne5 Ne7 10. c5 Bxe5 11. Bxe5 Ng6 12. Bg3 c6 13. Bd3 Nd7 14. Nf3 Nf6 15.
Qc2 Ne4 16. Bh2 f5 17. O-O Nh4 18. Ne5 Qg5 19. f4 Qh5 20. Be2 Qe8 21. g3 Ng6
22. Bh5 Rf6 23. Qe2 Kh7 24. Bxg6+ Rxg6 25. Nxg6 Qxg6 26. Qg2 Bd7 27. Kh1 Rg8
28. Rad1 Qf6 29. Qf3 Be8 30. Rg1 Bg6 31. Rg2 Qf7 32. g4 a6 33. Bg1 Qf6 34. Bf2
Qf7 35. Rdg1 fxg4 36. hxg4 Nd2 37. Qe2 Ne4 38. Be1 Rh8 39. Rh2 Kg8 40. Rh3 Rh7
41. b4 Nf6 42. Rf1 Be4+ 43. Kg1 Qg6 44. Rg3 Bd3 45. f5 exf5 46. Qxd3 Ne4 47.
gxf5 Qf7 48. Rg6 h5 49. Rf4 Nf6 50. Bh4 Kh8 51. Bxf6 gxf6 52. Qf1 Rg7 53. Qg2
Qe7 54. Rxg7 Qxe3+ 55. Rf2 1-0

[Event "SVK 3.liga A2"]
[Site "?"]
[Date "2020.03.01"]
[Round "9.2"]
[White "Prigoda, Lubos"]
[Black "Orvisky, Vladimir"]
[Result "0-1"]
[WhiteElo "1446"]
[BlackElo "1693"]
[PlyCount "127"]
[EventDate "2019.10.06"]

1. e4 Nf6 2. e5 Nd5 3. c4 Nb6 4. Nf3 d6 5. d4 Bg4 6. Qd3 Nc6 7. exd6 exd6 8.
Be2 Be7 9. d5 Bxf3 10. Qxf3 Nd4 11. Qd3 Nxe2 12. Qxe2 O-O 13. O-O Re8 14. Nc3
Bf6 15. Qd3 Nd7 16. f4 Nc5 17. Qc2 a6 18. Bd2 Bd4+ 19. Kh1 Nd7 20. Rae1 Nf6 21.
Rxe8+ Qxe8 22. Re1 Qd7 23. Qd3 Ba7 24. h3 Re8 25. Rxe8+ Qxe8 26. Qe2 Qxe2 27.
Nxe2 Ne4 28. Bc3 Nf2+ 29. Kh2 Nd3 30. b3 Kf8 31. Kg3 f5 32. Kf3 g6 33. Bd2 Ke7
34. Nc1 Nxc1 35. Bxc1 Bd4 36. g4 Kf6 37. h4 h5 38. g5+ Ke7 39. Be3 Bc3 40. Ke2
Kd7 41. Bd2 Bd4 42. Be3 Bb2 43. Bd2 c6 44. Kd3 Kc7 45. Be3 Ba3 46. Bd4 cxd5 47.
cxd5 Bc1 48. Ke2 Bxf4 49. Kf3 Bd2 50. Bf2 Bb4 51. Ke2 Bc5 52. Be1 Kb6 53. a4 a5
54. Kd3 f4 55. Bd2 f3 56. Bf4 Bf2 57. Bxd6 Bxh4 58. Be7 Bg3 59. Ke3 f2 60. Ke2
h4 61. Kf1 h3 62. Bd8+ Kc5 63. Bxa5 h2 64. Kg2 0-1

[Event "SVK 3.liga A2"]
[Site "?"]
[Date "2020.03.01"]
[Round "9.3"]
[White "Brunovsky, Peter"]
[Black "Takacs, Laszlo"]
[Result "1/2-1/2"]
[WhiteElo "1902"]
[BlackElo "2193"]
[PlyCount "33"]
[EventDate "2019.10.06"]

1. d4 Nf6 2. Nf3 c5 3. e3 e6 4. c3 b6 5. Bd3 Bb7 6. Nbd2 d5 7. O-O Bd6 8. Qe2
Ne4 9. Nxe4 dxe4 10. Bb5+ Nd7 11. Ne5 Bxe5 12. dxe5 a6 13. Bxd7+ Qxd7 14. Rd1
Qc7 15. b3 Qxe5 16. Bb2 Ke7 17. c4 1/2-1/2

[Event "SVK 3.liga A2"]
[Site "?"]
[Date "2020.03.01"]
[Round "9.3"]
[White "Cibulka, Vladimir"]
[Black "Danada, Ondrej"]
[Result "0-1"]
[WhiteElo "2157"]
[BlackElo "1905"]
[PlyCount "74"]
[EventDate "2019.10.06"]

1. e4 c6 2. d4 d5 3. exd5 cxd5 4. Bd3 Nf6 5. Nf3 Bg4 6. c3 Nc6 7. Bf4 e6 8.
Nbd2 Bd6 9. Bxd6 Qxd6 10. O-O O-O 11. Re1 Rfc8 12. h3 Bh5 13. g4 Bg6 14. Bxg6
hxg6 15. Ne5 b5 16. Qf3 Rc7 17. a3 Na5 18. b4 Nc4 19. Ndxc4 bxc4 20. a4 Ne4 21.
Qe3 Qe7 22. f3 Nd6 23. Ra2 Qh4 24. Kh2 Qh6 25. Rae2 g5 26. h4 gxh4 27. Qxh6
gxh6 28. Rh1 Kg7 29. f4 Ne4 30. Re3 Rb8 31. Rb1 h5 32. gxh5 Kh6 33. Kh3 Kxh5
34. Ng4 f5 35. Ne5 Rg8 36. b5 Nf2+ 37. Kh2 Rcg7 0-1

[Event "SVK 3.liga A2"]
[Site "?"]
[Date "2020.03.01"]
[Round "9.3"]
[White "Kubis, Ivan"]
[Black "Blaho, Stefan"]
[Result "1/2-1/2"]
[WhiteElo "1876"]
[BlackElo "2055"]
[PlyCount "146"]
[EventDate "2019.10.06"]

1. e4 d6 2. d4 Nf6 3. Nc3 Nbd7 4. Nf3 e5 5. Bc4 Be7 6. h3 O-O 7. O-O c6 8. a4
a5 9. Be3 Qc7 10. Qe2 exd4 11. Nxd4 Nc5 12. Qf3 Qb6 13. Rab1 Qb4 14. Bd3 Nxd3
15. cxd3 Re8 16. Nc2 Qb3 17. Nd4 Qb4 18. Nc2 Qb3 19. Nd4 Qb6 20. Nf5 Qc7 21.
Nxe7+ Rxe7 22. Rbc1 Qd7 23. Rfe1 Qe8 24. Qd1 h6 25. f4 Bd7 26. Bd4 Nh7 27. Qf3
f6 28. g4 Qg6 29. f5 Qf7 30. h4 Rae8 31. Bb6 Qb3 32. Qf2 Qb4 33. Bd4 c5 34. Be3
Bc6 35. Bf4 c4 36. Qd4 cxd3 37. Qxd3 d5 38. Nxd5 Qxa4 39. Nxe7+ Rxe7 40. Qc4+
Qxc4 41. Rxc4 Nf8 42. e5 fxe5 43. Rxe5 Rd7 44. Rxa5 Rd1+ 45. Kf2 Rh1 46. Bg3
Nd7 47. g5 Kf7 48. Rc2 hxg5 49. hxg5 Rh5 50. Bf4 Rh3 51. Ra3 Rh1 52. Re3 Nb6
53. Be5 Rh5 54. g6+ Kg8 55. Rxc6 Rxf5+ 56. Ke2 bxc6 57. Bd6 Nd7 58. Re8+ Nf8
59. Ke3 Rf6 60. Ba3 Re6+ 61. Rxe6 Nxe6 62. Ke4 Ng5+ 63. Kf5 Nf3 64. Be7 Kh8 65.
Ke6 Kg8 66. Kd7 Ne5+ 67. Kd6 Nxg6 68. Bg5 Kf7 69. Kxc6 Ke6 70. b4 Ne5+ 71. Kc7
Kf5 72. Be3 Nc4 73. Bg1 g5 1/2-1/2

[Event "SVK 3.liga A2"]
[Site "?"]
[Date "2020.03.01"]
[Round "9.3"]
[White "Viczencz, Peter"]
[Black "Valla, Tomas"]
[Result "1-0"]
[WhiteElo "2163"]
[BlackElo "1839"]
[PlyCount "63"]
[EventDate "2019.10.06"]

1. e4 c5 2. Nf3 Nc6 3. d4 cxd4 4. Nxd4 e6 5. Nc3 Nf6 6. Nxc6 bxc6 7. e5 Nd5 8.
Ne4 Qc7 9. f4 f5 10. exf6 Nxf6 11. Nxf6+ gxf6 12. Qh5+ Kd8 13. Bd2 d5 14. Bd3
Bd6 15. O-O Qe7 16. Rae1 Bb7 17. Bf5 Bc5+ 18. Kh1 Bc8 19. Bxe6 Bxe6 20. f5 Qf7
21. Qh4 Bd7 22. Bc3 Rf8 23. Rf3 Kc8 24. Qa4 Bb6 25. Qa6+ Kc7 26. Bd2 Bc8 27.
Bf4+ Kd8 28. Qd3 c5 29. Rfe3 Bd7 30. Bd6 Re8 31. Bxc5 Rxe3 32. Bxb6+ 1-0

[Event "SVK 3.liga A2"]
[Site "?"]
[Date "2020.03.01"]
[Round "9.3"]
[White "Kanka, Tomas"]
[Black "Bugar, Peter"]
[Result "0-1"]
[WhiteElo "1779"]
[BlackElo "2005"]
[PlyCount "62"]
[EventDate "2019.10.06"]
[BlackTeam "ŠK Dunajská Streda B"]

1. e4 e6 2. c4 c5 3. Nc3 Nc6 4. Nf3 g6 5. d3 Bg7 6. Bd2 Nge7 7. Qc1 O-O 8. Be2
Re8 9. O-O b6 10. Nb5 d6 11. Bf4 Ne5 12. Nxe5 dxe5 13. Bg5 Qd7 14. Bxe7 Rxe7
15. a4 Bb7 16. Qc2 Bc6 17. Qb3 Qb7 18. Nc3 f5 19. f3 Rb8 20. Qc2 Rd7 21. b3 a6
22. Rfb1 Bh6 23. Nd1 fxe4 24. fxe4 Bxe4 25. dxe4 Rd2 26. Qc1 Kg7 27. Qc3 Qxe4
28. Bf1 Rf8 29. Qh3 Rxf1+ 30. Kxf1 Qe2+ 31. Kg1 Qe1# 0-1

[Event "SVK 3.liga A2"]
[Site "?"]
[Date "2020.03.01"]
[Round "9.3"]
[White "Simonics, Peter"]
[Black "Kastler, Peter"]
[Result "1/2-1/2"]
[WhiteElo "2074"]
[BlackElo "1709"]
[PlyCount "112"]
[EventDate "2019.10.06"]

1. e4 e6 2. d4 d5 3. Nc3 dxe4 4. Nxe4 Nd7 5. Nf3 Ngf6 6. Nxf6+ Nxf6 7. Bd3 Be7
8. O-O O-O 9. Ne5 Nd7 10. Be3 Nxe5 11. dxe5 b6 12. Qf3 Bd7 13. Be4 Rb8 14. Rfd1
Qc8 15. Rd2 Rd8 16. h4 Be8 17. Rxd8 Bxd8 18. h5 c5 19. h6 g6 20. Qg3 Be7 21.
Rd1 Qc7 22. Bg5 Rd8 23. Rxd8 Qxd8 24. Bxe7 Qxe7 25. Qf4 Qd8 26. Bf3 Bb5 27. c4
Ba4 28. b3 Be8 29. g3 Kf8 30. Kg2 Kg8 31. Be4 Qe7 32. Qf3 Qd8 33. Bc6 Kf8 34.
Bxe8 Kxe8 35. a3 a5 36. Qc6+ Kf8 37. Qb7 Ke8 38. Qc6+ Kf8 39. Qb7 Ke8 40. Qe4
Kf8 41. Qf3 Ke8 42. a4 Kf8 43. Qc6 Kg8 44. g4 Kf8 45. Kg3 Ke7 46. Qb7+ Ke8 47.
f3 Kf8 48. Qe4 Ke7 49. f4 Ke8 50. Qf3 Kf8 51. Qc6 Qd3+ 52. Kh4 Qd8+ 53. Kg3
Qd3+ 54. Qf3 Qxf3+ 55. Kxf3 Ke7 56. Ke4 f5+ 1/2-1/2

[Event "SVK 3.liga A2"]
[Site "?"]
[Date "2020.03.01"]
[Round "9.3"]
[White "Zajicek, Ferdinand"]
[Black "Matis, Tibor"]
[Result "0-1"]
[WhiteElo "1724"]
[BlackElo "1957"]
[PlyCount "54"]
[EventDate "2019.10.06"]

1. e4 c5 2. Nf3 Nc6 3. d4 cxd4 4. Nxd4 e5 5. Nf3 Nf6 6. Bd3 Be7 7. Nc3 O-O 8.
O-O d6 9. h3 Be6 10. a3 d5 11. exd5 Nxd5 12. Nxd5 Qxd5 13. Qe2 f5 14. Bb5 e4
15. Bxc6 Qxc6 16. Nd4 Qc4 17. Qxc4 Bxc4 18. Re1 Rfd8 19. c3 Bc5 20. Nc2 Bb3 21.
Be3 Bxe3 22. Nxe3 Rd2 23. Reb1 g6 24. Kf1 f4 25. Nd1 e3 26. fxe3 fxe3 27. Ke1
Bc4 0-1

[Event "SVK 3.liga A2"]
[Site "?"]
[Date "2020.03.01"]
[Round "9.3"]
[White "Mezes, Kristof"]
[Black "Mraz, Jan"]
[Result "0-1"]
[WhiteElo "1694"]
[BlackElo "1630"]
[PlyCount "118"]
[EventDate "2019.10.06"]

1. d4 e6 2. c4 d5 3. Nc3 g6 4. Nf3 Bg7 5. Bf4 c6 6. e3 Ne7 7. Be2 Nd7 8. O-O
O-O 9. Rc1 b6 10. b4 a5 11. bxa5 Rxa5 12. Bd6 Nf6 13. Bb4 Ra7 14. cxd5 Nfxd5
15. Nxd5 cxd5 16. a3 Re8 17. Qb3 Bd7 18. Ne5 Bxe5 19. dxe5 Nc6 20. Bd6 Na5 21.
Qb2 Bc6 22. Rb1 Nb7 23. Qxb6 Qxb6 24. Rxb6 Nxd6 25. exd6 Bd7 26. Ra1 Rea8 27.
h3 Kf8 28. Rab1 Rxa3 29. Rb8+ Rxb8 30. Rxb8+ Kg7 31. Rb7 Bc6 32. Rc7 Ra1+ 33.
Kh2 Be8 34. d7 Bxd7 35. Rxd7 Ra2 36. Bf3 Rxf2 37. Kg3 Rd2 38. e4 d4 39. Kf4 Kf6
40. e5+ Kg7 41. Ke4 Ra2 42. Kxd4 Rd2+ 43. Ke3 Rxd7 44. Ke4 g5 45. Ke3 h6 46.
Bh5 Ra7 47. Ke4 Ra1 48. Ke3 Ra4 49. Bf3 f6 50. exf6+ Kxf6 51. Bg4 Ke5 52. Bf3
Ra3+ 53. Kf2 Kd4 54. Be2 e5 55. Bf3 e4 56. Be2 Ra2 57. g3 Rxe2+ 58. Kxe2 e3 59.
h4 g4 0-1

[Event "SVK 3.liga A2"]
[Site "?"]
[Date "2020.03.01"]
[Round "9.4"]
[White "Szitasi, Janos"]
[Black "Gzib, David"]
[Result "0-1"]
[WhiteElo "1992"]
[BlackElo "1983"]
[PlyCount "72"]
[EventDate "2019.10.06"]

1. e4 c5 2. Nf3 d6 3. d4 cxd4 4. Nxd4 Nf6 5. Nc3 a6 6. Be2 e6 7. O-O Be7 8. Be3
Qc7 9. Qd2 Nbd7 10. Kh1 b5 11. a3 Bb7 12. f3 O-O 13. Nb3 Rac8 14. Rac1 d5 15.
exd5 Nxd5 16. Nxd5 Bxd5 17. Nd4 Nb6 18. c3 Bc4 19. Qc2 Nd5 20. Bg1 Bg5 21. Rce1
Rfd8 22. g3 e5 23. Nf5 g6 24. Bxc4 Qxc4 25. h4 Bf6 26. Nh6+ Kg7 27. Ng4 h5 28.
Nxf6 Nxf6 29. Be3 Rd3 30. Bg5 Rcd8 31. Rxe5 Rxc3 32. Qxc3 Qxf1+ 33. Kh2 Qf2+
34. Kh3 Rd1 35. Re1 Rxe1 36. Qxf6+ Kg8 0-1

[Event "SVK 3.liga A2"]
[Site "?"]
[Date "2020.03.01"]
[Round "9.4"]
[White "Hecko, Dusan"]
[Black "Kalmar, Tamas"]
[Result "1/2-1/2"]
[WhiteElo "2038"]
[BlackElo "2017"]
[PlyCount "47"]
[EventDate "2019.10.06"]

1. c4 e6 2. Nf3 d5 3. d4 Nf6 4. g3 c6 5. Qc2 Be7 6. Bg2 O-O 7. O-O Nbd7 8. Nbd2
b6 9. Rd1 Bb7 10. h3 Qc8 11. b3 dxc4 12. Nxc4 c5 13. Bb2 Be4 14. Qd2 Rd8 15.
Rac1 Qb7 16. Ne1 Bxg2 17. Nxg2 Rac8 18. Qe3 Nd5 19. Qf3 cxd4 20. Bxd4 Qb8 21.
Nge3 N7f6 22. Ne5 Nxe3 23. Qxe3 Qb7 24. Rxc8 1/2-1/2

[Event "SVK 3.liga A2"]
[Site "?"]
[Date "2020.03.01"]
[Round "9.4"]
[White "Merva, Frantisek"]
[Black "Nemeckay, Rastislav"]
[Result "1-0"]
[WhiteElo "2021"]
[BlackElo "1929"]
[PlyCount "97"]
[EventDate "2019.10.06"]

1. d4 d5 2. Nf3 Nf6 3. e3 e6 4. Bd3 Bd6 5. O-O O-O 6. Ne5 Nfd7 7. f4 f5 8. Nd2
Nf6 9. Ndf3 Ne4 10. Bd2 Nd7 11. c4 c6 12. Qb3 Ndf6 13. Bb4 Bxb4 14. Qxb4 Qb6
15. Qxb6 axb6 16. Rfe1 Bd7 17. Bxe4 fxe4 18. Nd2 Rfc8 19. a3 b5 20. cxb5 cxb5
21. Rac1 Rxc1 22. Rxc1 Rc8 23. Rxc8+ Bxc8 24. Kf2 Kf8 25. Ke2 Ne8 26. Kd1 Nd6
27. g4 Nc4 28. Ndxc4 bxc4 29. Kd2 Ke8 30. h4 Kd8 31. Kc3 Kc7 32. Kb4 Kb6 33. h5
h6 34. g5 Kc7 35. a4 b6 36. g6 Ba6 37. Nf7 c3 38. Kxc3 Be2 39. Nxh6 Bxh5 40.
Nf7 Bxg6 41. Ng5 Kd6 42. Kb4 Be8 43. a5 bxa5+ 44. Kxa5 Bd7 45. Kb6 Bc8 46. b4
Bd7 47. Nf7+ Ke7 48. Ne5 Bc8 49. b5 1-0

[Event "SVK 3.liga A2"]
[Site "?"]
[Date "2020.03.01"]
[Round "9.4"]
[White "Diviak, Rastislav"]
[Black "Vegh, Vince"]
[Result "1-0"]
[WhiteElo "1997"]
[BlackElo "1917"]
[PlyCount "149"]
[EventDate "2019.10.06"]

1. e4 c5 2. Nf3 Nc6 3. d4 cxd4 4. Nxd4 e5 5. Nb5 a6 6. Nd6+ Bxd6 7. Qxd6 Qf6 8.
Qd1 Qg6 9. Nc3 Nf6 10. f3 d5 11. Nxd5 Nxd5 12. Qxd5 Be6 13. Qd2 O-O 14. Bd3
Rad8 15. Qg5 Nb4 16. Qxg6 hxg6 17. Ke2 Bxa2 18. Bd2 Nxd3 19. Rxa2 Nc5 20. Bb4
Rc8 21. Ra5 b5 22. c3 Rfd8 23. Bxc5 Rxc5 24. Rxa6 b4 25. Rc1 Rc7 26. Rb6 Rcd7
27. Rc2 bxc3 28. bxc3 Ra8 29. c4 Kf8 30. c5 Ke7 31. c6 Rc8 32. Rc5 Rd4 33.
Rxe5+ Kd6 34. Rd5+ Rxd5 35. exd5 Kxd5 36. Rb7 f5 37. Rd7+ Ke6 38. Rxg7 Kf6 39.
Rd7 Rxc6 40. g3 Rc2+ 41. Rd2 Rc6 42. h4 Ke5 43. Ke3 Ra6 44. Rd3 Ra4 45. Rb3 Ra6
46. Rb5+ Kf6 47. Rd5 Ra3+ 48. Rd3 Ra6 49. g4 fxg4 50. fxg4 Ke6 51. Ke4 Ra4+ 52.
Rd4 Ra6 53. Kf4 Ra5 54. Rb4 Ra6 55. Kg5 Kf7 56. Rb7+ Kg8 57. Kh6 Kf8 58. g5 Rc6
59. Rg7 Rc4 60. Kxg6 Rxh4 61. Rf7+ Kg8 62. Ra7 Kf8 63. Ra8+ Ke7 64. Kg7 Rg4 65.
g6 Rg1 66. Ra2 Rg3 67. Re2+ Kd6 68. Kh7 Rh3+ 69. Kg8 Rg3 70. g7 Rg1 71. Re4 Rg2
72. Kh7 Rh2+ 73. Kg6 Rg2+ 74. Kh6 Rh2+ 75. Kg5 1-0

[Event "SVK 3.liga A2"]
[Site "?"]
[Date "2020.03.01"]
[Round "9.4"]
[White "Meszaros, Lorant"]
[Black "Pericka, Tomas"]
[Result "1/2-1/2"]
[WhiteElo "1924"]
[BlackElo "1972"]
[PlyCount "105"]
[EventDate "2019.10.06"]

1. d4 g6 2. c4 c5 3. d5 Bg7 4. e4 b5 5. cxb5 a6 6. Nc3 axb5 7. Bxb5 Qb6 8. Nge2
Nf6 9. a4 O-O 10. O-O d6 11. h3 Ba6 12. Be3 Bxb5 13. axb5 Nbd7 14. Qc2 Qb7 15.
Ra3 Nb6 16. Qb3 Rfb8 17. Rfa1 Ne8 18. Rxa8 Nxa8 19. Ra5 Nec7 20. Qa2 Qc8 21.
Bf4 f5 22. e5 Qd7 23. exd6 exd6 24. Ra7 Qe7 25. Qa5 g5 26. Bd2 f4 27. Kf1 Qd8
28. b4 Bd4 29. Nxd4 cxd4 30. Ne4 Nxd5 31. Qxd8+ Rxd8 32. Nxg5 Nab6 33. Ne6 Re8
34. Nxd4 Nc4 35. Nb3 Rb8 36. Ke2 Rxb5 37. Nd4 Rb8 38. b5 Re8+ 39. Kd3 Ne5+ 40.
Kc2 Rc8+ 41. Kb3 Nd3 42. Nc6 Nxf2 43. Bxf4 Ne4 44. Be3 Re8 45. Bd4 Nd2+ 46. Ka4
Nc4 47. Rg7+ Kf8 48. Rxh7 Re2 49. Nb4 Re4 50. Nc6 Re2 51. Kb3 Nd2+ 52. Kc2 Nf3+
53. Kd3 1/2-1/2

[Event "SVK 3.liga A2"]
[Site "?"]
[Date "2020.03.01"]
[Round "9.4"]
[White "Skapik, Branislav"]
[Black "Szocs, Ladislav"]
[Result "0-1"]
[WhiteElo "1726"]
[BlackElo "1801"]
[PlyCount "40"]
[EventDate "2019.10.06"]

1. e4 d5 2. exd5 Nf6 3. d4 Nxd5 4. c4 Nb6 5. Nc3 e5 6. Be3 exd4 7. Qxd4 Qxd4 8.
Bxd4 Nc6 9. Bxb6 axb6 10. Nb5 Bb4+ 11. Kd1 Bg4+ 12. f3 O-O-O+ 13. Kc2 Bf5+ 14.
Kb3 Rhe8 15. Na7+ Nxa7 16. Kxb4 Nc6+ 17. Ka4 Rd2 18. g3 Rxb2 19. Bh3 Bxh3 20.
Nxh3 Rb4+ 0-1

[Event "SVK 3.liga A2"]
[Site "?"]
[Date "2020.03.01"]
[Round "9.4"]
[White "Both, Lajos"]
[Black "Hrdlicka, Martin"]
[Result "1-0"]
[WhiteElo "1682"]
[BlackElo "1805"]
[PlyCount "53"]
[EventDate "2019.10.06"]

1. Nf3 Nf6 2. g3 g6 3. Bg2 Bg7 4. O-O O-O 5. c4 d5 6. cxd5 Nxd5 7. e4 Nf6 8.
Nc3 Bg4 9. d4 Nc6 10. Be3 Qd7 11. e5 Nd5 12. Nxd5 Qxd5 13. h3 Bf5 14. Nh4 Qe6
15. g4 Rad8 16. gxf5 gxf5 17. f4 Kh8 18. d5 Qc8 19. Qh5 Nb4 20. Nxf5 Qd7 21.
Nxg7 Kxg7 22. Be4 Rh8 23. e6 fxe6 24. Bd4+ e5 25. Bxe5+ Kg8 26. Qg5+ Kf8 27.
Qg7+ 1-0

[Event "SVK 3.liga A2"]
[Site "?"]
[Date "2020.03.01"]
[Round "9.4"]
[White "Sadlon, Matus"]
[Black "Szabo, Viktor"]
[Result "0-1"]
[WhiteElo "1734"]
[BlackElo "1468"]
[PlyCount "58"]
[EventDate "2019.10.06"]

1. e4 c5 2. Nf3 Nc6 3. c3 d6 4. d4 cxd4 5. cxd4 e6 6. Nc3 Nf6 7. Bb5 Bd7 8. O-O
Be7 9. Bg5 h6 10. Be3 O-O 11. h3 a6 12. Bd3 Rc8 13. Rc1 Nb4 14. Bb1 d5 15. e5
Ne8 16. a3 Nc6 17. Qd3 f5 18. exf6 Nxf6 19. Ne5 Bd6 20. Ng4 Nxg4 21. Qh7+ Kf7
22. hxg4 Rh8 23. Bg6+ Kf6 24. g5+ hxg5 25. Bxg5+ Kxg5 26. Ne4+ dxe4 27. Rc5+
Kf6 28. Qxh8 Qxh8 29. Rh5 Kxg6 0-1